International dimensions of organizational behavior /

THis book is about: The impact of culture on organizations; Managing cultural diversity; and Managing global managers.

שמור ב:
מידע ביבליוגרפי
מחבר ראשי: Adler, Nancy J.
פורמט: ספר
שפה:English
יצא לאור: Cincinnati, OH : South-Western College, 1997.
מהדורה:3rd ed.
נושאים:
תגים: הוספת תג
אין תגיות, היה/י הראשונ/ה לתייג את הרשומה!
Thư viện lưu trữ: Mạng thư viện Đại học Đà Nẵng
LEADER 01094cam a2200373 i 4500
001 000049017
003 8745
005 20051111142230.0
008 010320b1997 vm 000 eng
020 |a 0538861363 
040 |a IRC  |c IRC  |d IRC 
041 0 |a eng 
082 1 4 |a 658  |b AD-N 
100 1 |a Adler, Nancy J. 
245 0 0 |a International dimensions of organizational behavior /  |c Nancy J. Adler. 
250 |a 3rd ed. 
260 |a Cincinnati, OH :  |b South-Western College,  |c 1997. 
300 |a xv, 331 p. :  |b ill. ;  |c 23cm. 
520 3 |a THis book is about: The impact of culture on organizations; Managing cultural diversity; and Managing global managers. 
630 0 4 |a Economics. 
630 0 4 |a Business. 
630 0 4 |a Organization. 
650 0 4 |a Organizational behavior. 
650 0 4 |a Organizational behavior  |x Cross-cultural studies. 
OWN |a DUT 
999 |a From the UDN01 
TYP |a Monograph 
TYP |a Printed language 
980 |a Mạng thư viện Đại học Đà Nẵng